Words of triumph: (Record no. 7571)

000 -LEADER
fixed length control field 00588nam a2200181 a 4500
001 - CONTROL NUMBER
control field :::00005332$&:&@@
003 - CONTROL NUMBER IDENTIFIER
control field OkBaRHE
005 - DATE AND TIME OF LATEST TRANSACTION
control field 20000607103325.0
008 - FIXED-LENGTH DATA ELEMENTS--GENERAL INFORMATION
fixed length control field s1964 j 000 0 eng u
040 ## - CATALOGING SOURCE
Transcribing agency
100 1# - MAIN ENTRY--PERSONAL NAME
Personal name Wallace, Ronald S.
245 10 - TITLE STATEMENT
Title Words of triumph:
Remainder of title the words from the cross and their application today.
260 ## - PUBLICATION, DISTRIBUTION, ETC. (IMPRINT)
Place of publication, distribution, etc Richmond, VA., :
Name of publisher, distributor, etc John Knox Press
Date of publication, distribution, etc c1964
300 ## - PHYSICAL DESCRIPTION
Extent 95 p. ;
Dimensions 21 cm.
650 ## - SUBJECT ADDED ENTRY--TOPICAL TERM
Topical term or geographic name as entry element Jesus Christ
General subdivision Seven Last Words
942 ## - ADDED ENTRY ELEMENTS (KOHA)
Source of classification or shelving scheme
Koha item type Books
Copies
Price effective from Copy number Koha item type Not for loan Full call number Shelving location Lost status Date acquired Permanent Location Date last seen Damaged status Source of classification or shelving scheme Withdrawn status Barcode
2010-04-141Books BT 456 .W3General Stacks 2010-04-14RHEMA Bible Training College2010-04-14   5332